000 00431nam a2200181Ia 4500
001 3272
005 20260306144908.0
008 260306t1995||||xx |||||||||||||| ||spa||
041 _aESP
082 _a262.91
_bL45G
100 _aLeo, Pope
_eAUT
245 4 _aThe great encyclical letters of Pope Leo XIII
260 _c1995
300 _a580 páginas :
_c21 cm.
650 _aGEN
654 _aCHU
942 _cLIB
_dJUS
_fJUS
_2ddc
_n
999 _c3272
_d3272